000 00741nam a2200229Ia 4500
003 IN-BaIIA
008 211028s9999 xx 000 0 eng d
020 _a978-981-02-3043-2
040 _cIIA Library
080 _a12:39.0
_bWON
100 _aWong, Samuel S. M
_924560
245 0 _aComputational methods in physics and engineering
_cSamuel S. M. Wong
250 _a2nd ed.
260 _aSingapore
_bWorld Scientific
_c1977
300 _axi, 508p.
650 _aComputational methods
_924561
650 _aEngineering mathematics
_92342
650 _aEngineering- data processing
_924562
650 _aMathematical physics
_91525
650 _aPhysics- data processing
_924563
942 _cBK
999 _c14015
_d14015